Hindu Social System and Human Rights of Dalits (Record no. 14913)

MARC details
000 -LEADER
fixed length control field 00577nam a2200229 a 4500
020 ## - INTERNATIONAL STANDARD BOOK NUMBER
ISBN 8190209426
082 00 - DEWEY DECIMAL CLASSIFICATION NUMBER
Classification number 294
Author Cutter THO
100 ## - MAIN ENTRY--AUTHOR NAME
Author name Thorat, Sukhadeo
245 ## - TITLE STATEMENT
Title Hindu Social System and Human Rights of Dalits
260 ## - PUBLICATION, DISTRIBUTION, ETC. (IMPRINT)
Place of publication New Delhi
Name of publisher Critical Quest
Year of publication 2004
300 ## - PHYSICAL DESCRIPTION
Number of Pages 32p
500 ## - GENERAL NOTE
General note includes index and biblioraphy
650 ## - SUBJECT ADDED ENTRY--TOPICAL TERM
Topical Term Hinduism
942 ## - ADDED ENTRY ELEMENTS (KOHA)
Koha item type Books
700 1# -
-- Thorat, Sukhadeo
Holdings
Collection code Home library Current library Date acquired Cost, normal purchase price Full call number Accession Number Koha item type
  Henry Martyn Institute Library Henry Martyn Institute Library 07/27/2009 20.00 294 THO 022839 Books
                   Copyright © 2026 | Henry Martyn Institute | Hyderabad | TS-500052 | INDIA | Implemented by hmi.edu.in
Hit-Count:

Powered by Koha